00598cab a2200157 4500008004100000020001500041035001200056100001800068245006500086250001100151260005400162300004300216440005300259500007500312650005300387050202s1997 mx b 000 0 spa u a9681649613 aa4434261 aEwald, Ursula03aLa Industria salinera de México 1560-1994 /cUrsula Ewald. a1a ed. aMéxico :bFondo de Cultura Económica, c1997. a515 p., 7 h. plegs. :bmaps. ;c23 cm. 0aSección de obras de economía latinoamericana aTraducción de: The mexican salt industry 1560-1980 a study in change 0aSal xIndustria y comercio zMéxico xHistoria